LIBRARY & INFORMATION CENTRE, KCAET, TAVANUR

ONLINE PUBLIC ACCESS CATALOGUE (OPAC)

Water Pumps and Pumping Systems: Water/Wastewater Treatment Applications (Record no. 14424)

MARC details
000 -LEADER
fixed length control field 00338nam a22001217a 4500
020 ## - INTERNATIONAL STANDARD BOOK NUMBER
ISBN 0071374914
082 ## - DEWEY DECIMAL CLASSIFICATION NUMBER
Classification number 628.114
Item number JAM/WA
100 ## - MAIN ENTRY--AUTHOR NAME
Personal name James B. (Burt)Rishel,P.E
245 ## - TITLE STATEMENT
Title Water Pumps and Pumping Systems: Water/Wastewater Treatment Applications
260 ## - PUBLICATION, DISTRIBUTION, ETC. (IMPRINT)
Place of publication New Delhi
Name of publisher McGraw - Hill
Year of publication 2002
300 ## - PHYSICAL DESCRIPTION
Number of Pages 1.11
942 ## - ADDED ENTRY ELEMENTS (KOHA)
Koha item type Books
Holdings
Withdrawn status Lost status Damaged status Collection code Home library Current library Shelving location Date acquired Source of acquisition Cost, normal purchase price Full call number Accession Number Koha item type
        KAUAET KAUAET General Stacks 30/06/2016 Calicut Books, Calicut 7881.30 628.114 JAM/WA 23689 Books
free website counter